[Event "OP-2012-0-02242"]
[Site "LSS email"]
[Date "2012.06.22"]
[Round "?"]
[White "Hoehne, Volkmar"]
[Black "Reed, James A"]
[Result "1-0"]
[WhiteElo "1586"]
[BlackElo "613"]
[PlyCount "55"]
[EventDate "2012.06.08"]
[EventType "tourn (corr)"]
[EventRounds "4"]
[EventCountry "GER"]
[SourceTitle "Telechess CBM 153"]
[Source "ChessBase"]
[SourceDate "2013.03.14"]
[SourceVersion "1"]
[SourceVersionDate "2013.03.14"]
[SourceQuality "1"]

1. e4 c5 2. Nf3 Nc6 3. Nc3 e5 4. Bc4 h6 5. d3 Nf6 6. 0-0 d6 7. Ne1 Bg4 8. f3 Bh5 9. Nd5 Nxd5 10. Bxd5 Be7 11. c3 0-0 12. Nc2 Rb8 13. Ne3 Bg6 14. a4 Bg5 15. Nc4 Bxc1 16. Qxc1 Re8 17. a5 Qc7 18. Qd2 Ne7 19. Ne3 Nxd5 20. Nxd5 Qd7 21. Qf2 Rbc8 22. c4 Bh5 23. Qh4 Bg6 24. g4 f6 25. Ra3 Bf7 26. Ne3 Be6 27. Qg3 a6 28. h4 1-0